Tous les pays ayant été impliqués dans la Première Guerre Mondiale - Statistiques

Statistiques générales
  • Ce quiz a été pris 382 fois
  • Le résultat moyen est 16 sur 28
Statistiques - réponses
Réponse % Correct
France
99%
Allemagne
98%
États-Unis
96%
Russie
96%
Italie
95%
Royaume-Uni
95%
Belgique
90%
Japon
85%
Chine
76%
Serbie
73%
Autriche-Hongrie
72%
Grèce
72%
Portugal
69%
Bulgarie
61%
Empire Ottoman
61%
Roumanie
61%
Brésil
53%
Monténégro
42%
Cuba
24%
Costa Rica
19%
Guatemala
19%
Honduras
19%
Haïti
18%
Panama
18%
Nicaragua
17%
Liberia
13%
Saint-Marin
13%
Siam
8%
Aucun quiz correspondant
Distribution des résultats
% des personnes avec chaque résultat
Percentile par nombre de réponses
Votre historique - résultats
Vous n’avez pas pris ce quiz